Verbinde die Länder, Flaggen und Hauptstädte - Statistiken

Allgemein
  • Dieses Quiz wurde 119 mal gespielt
  • Das Durchschnittsergebnis liegt bei 34 aus 54
Antwortstatistiken
Frage Kachel Select % Korrekt
Australien, Neuseeland, oder Fidschi? Ja
92%
Australien, Neuseeland, oder Fidschi? Nein
90%
Australien, Neuseeland, oder Fidschi? Nein
81%
Australien, Neuseeland, oder Fidschi? Fidschi Nein
80%
Australien, Neuseeland, oder Fidschi? Auckland Nein
79%
Australien, Neuseeland, oder Fidschi? Neuseeland Ja
76%
Slowakei, Slowenien oder Kroatien? Ja
73%
Slowakei, Slowenien oder Kroatien? Nein
71%
Slowakei, Slowenien oder Kroatien? Belgrad Nein
70%
Kolumbien, Ecuador oder Bolivien? Nein
69%
Jemen, Ägypten oder Iran? Maskat Nein
69%
Jemen, Ägypten oder Iran? Nein
68%
Jemen, Ägypten oder Iran? Ägypten Nein
68%
Kolumbien, Ecuador oder Bolivien? Bolivien Nein
68%
Australien, Neuseeland, oder Fidschi? Canberra Nein
68%
Vereinigte Staaten, Malaysia, oder Liberia? New York City Nein
68%
Kolumbien, Ecuador oder Bolivien? Ecuador Ja
67%
Kolumbien, Ecuador oder Bolivien? Paramaribo Nein
67%
Australien, Neuseeland, oder Fidschi? Wellington Ja
67%
Slowakei, Slowenien oder Kroatien? Nein
65%
Kolumbien, Ecuador oder Bolivien? Kolumbien Nein
65%
Australien, Neuseeland, oder Fidschi? Australien Nein
64%
Vereinigte Staaten, Malaysia, oder Liberia? Manila Nein
64%
Slowakei, Slowenien oder Kroatien? Kroatien Nein
63%
Norwegen, Finnland, oder Schweden? Oslo Ja
63%
Vereinigte Staaten, Malaysia, oder Liberia? Vereinigte Staaten Nein
63%
Kolumbien, Ecuador oder Bolivien? Nein
62%
Norwegen, Finnland, oder Schweden? Norwegen Ja
62%
Norwegen, Finnland, oder Schweden? Schweden Nein
62%
Slowakei, Slowenien oder Kroatien? Slowakei Ja
62%
Slowakei, Slowenien oder Kroatien? Slowenien Nein
62%
Norwegen, Finnland, oder Schweden? Stockholm Nein
62%
Vereinigte Staaten, Malaysia, oder Liberia? Nein
61%
Kolumbien, Ecuador oder Bolivien? Ja
61%
Kolumbien, Ecuador oder Bolivien? Sucre Nein
61%
Norwegen, Finnland, oder Schweden? Reykjavík Nein
60%
Norwegen, Finnland, oder Schweden? Nein
58%
Jemen, Ägypten oder Iran? Jemen Ja
58%
Jemen, Ägypten oder Iran? Nein
57%
Norwegen, Finnland, oder Schweden? Nein
57%
Norwegen, Finnland, oder Schweden? Ja
57%
Norwegen, Finnland, oder Schweden? Finnland Nein
57%
Vereinigte Staaten, Malaysia, oder Liberia? Liberia Ja
57%
Vereinigte Staaten, Malaysia, oder Liberia? Malaysia Nein
57%
Vereinigte Staaten, Malaysia, oder Liberia? Nein
56%
Slowakei, Slowenien oder Kroatien? Bratislava Ja
56%
Slowakei, Slowenien oder Kroatien? Ljubljana Nein
56%
Kolumbien, Ecuador oder Bolivien? Quito Ja
56%
Jemen, Ägypten oder Iran? Ja
55%
Jemen, Ägypten oder Iran? Iran Nein
52%
Vereinigte Staaten, Malaysia, oder Liberia? Monrovia Ja
52%
Vereinigte Staaten, Malaysia, oder Liberia? Ja
50%
Jemen, Ägypten oder Iran? Teheran Nein
50%
Jemen, Ägypten oder Iran? Sanaa Ja
48%
Keine übereinstimmenden Quizze gefunden
Verteilung der Resultate
Anzahl Personen mit jedem Resultat
Perzentil nach korrekt beantworteten Fragen
Ihre Resultats-Entwicklung
Sie haben dieses Quiz noch nicht gespielt